MARC

LEADER 00000nab a2200000 a 4500
001 vtls000570832
003 SK-MaSNL
005 20260303013630.0
008 150501c1995 xo 0 slo
015 |a SNBRB19rr/mm-uuuuu 
035 |a CL0570970 
040 |a SNKBUCL  |b slo  |c SNKBUCL  |e AACR2 
041 0 |a slo 
044 |a xo  |c SK 
080 |a 82:929:884  |2 1981 
080 |a 82:061.7  |2 1981 
080 |a 101.9  |2 1981 
080 |a 061.6(437.6-25=84)  |2 1981 
100 1 |a Gazdík, Marián,  |d 1965-  |4 aut  |9 208654 
245 1 0 |a Stodesať rokov od narodenia Witkiewicza  |c Marián Gazdík 
600 1 7 |a Witkiewicz, Stanisław Ignacy  |d 1885-1939  |x život a dielo - Poľský inštitút, Bratislava - podujatia - r. 1995 - prehľady  |2 snkbucl  |9 994517 
650 0 7 |a Poľský inštitút (Bratislava, Slovensko)  |2 snkbucl  |9 994518 
655 7 |a články z novín a časopisov  |2 snkbucl  |9 267496 
655 7 |a články z odboru literárna veda a krásna literatúra  |2 snkbucl  |9 770045 
773 0 |t Proglas  |g Roč. 6, č. 1 (1995), s. 25 
850 |a Slovenská národná knižnica v Martine  |a MTA001 
852 |a SNK  |b KIS3GCP 
958 |a RK 
958 |a LX 
958 |a PL 
992 |a RBX 
999 |c 1603680  |d 1605610